The history and antiquities of the county palatine of Durham (Record no. 114069)

MARC details
000 -LEADER
fixed length control field 00856cam a22002175a 4500
001 - CONTROL NUMBER
control field L156163
008 - FIXED-LENGTH DATA ELEMENTS--GENERAL INFORMATION
fixed length control field 120502s1816 xxk f 000 0 eng d
035 ## - SYSTEM CONTROL NUMBER
System control number (Sirsi) u156163
041 0# - LANGUAGE CODE
Language code of text/sound track or separate title eng
100 1# - MAIN ENTRY--PERSONAL NAME
Personal name Surtees, Robert
Dates associated with a name 1779-1834
245 04 - TITLE STATEMENT
Title The history and antiquities of the county palatine of Durham
260 ## - PUBLICATION, DISTRIBUTION, ETC.
Place of publication, distribution, etc. London
Name of publisher, distributor, etc. J. B. Nichols and son; [etc.etc.]
Date of publication, distribution, etc. 1816
300 ## - PHYSICAL DESCRIPTION
Extent 4 v
Other physical details illus., 76 pl. (incl. front.: v.1) 6 port
Dimensions 45 cm.
520 ## - SUMMARY, ETC.
Summary, etc. Vol. 1, Printed by and for Nichols, son, and Bentley: [etc., etc.] 1816; v. 2-3, J. Nichols and son; [etc., etc.] 1820-23; v. 4, J. B. Nichols and son; [etc., etc.] 1840.
583 0# - ACTION NOTE
Action Condition reviewed
Time/date of action 20120620
Status condition level 1 (x4)
651 #4 - SUBJECT ADDED ENTRY--GEOGRAPHIC NAME
Geographic name England
Chronological subdivision 886-
690 ## - LOCAL SUBJECT ADDED ENTRY--TOPICAL TERM (OCLC, RLIN)
Topical term or geographic name as entry element Art and antiques
700 1# - ADDED ENTRY--PERSONAL NAME
Personal name Taylor, George
Dates associated with a name 1771-1851
700 1# - ADDED ENTRY--PERSONAL NAME
Personal name Raine, James
Dates associated with a name 1791-1858
942 ## - ADDED ENTRY ELEMENTS (KOHA)
Suppress in OPAC 0
Holdings
Withdrawn status Lost status Source of classification or shelving scheme Damaged status Not for loan Home library Current library Shelving location Date acquired Total Checkouts Full call number Barcode Date last seen Copy number Price effective from Koha item type
    Dewey Decimal Classification     Historic collection Historic collection Historic collection 02/05/2012   FOLIO 1816 SURTEES VOL. 1 30075946 06/08/2019 1 06/08/2019 Book
    Dewey Decimal Classification     Historic collection Historic collection Historic collection 02/05/2012   FOLIO 1816 SURTEES VOL. 2 30075950 06/08/2019 1 06/08/2019 Book
    Dewey Decimal Classification     Historic collection Historic collection Historic collection 02/05/2012   FOLIO 1816 SURTEES VOL. 3 30075954 06/08/2019 1 06/08/2019 Book
    Dewey Decimal Classification     Historic collection Historic collection Historic collection 02/05/2012   FOLIO 1816 SURTEES VOL. 4 30075958 06/08/2019 1 06/08/2019 Book